Elementos de horticultura general: especialmente aplicada al cultivo de plantas de consistencia herbácea
Gespeichert in:
| 1. Verfasser: | |
|---|---|
| Format: | Buch |
| Sprache: | Spanisch |
| Veröffentlicht: |
Madrid
Mundi-Prensa
1989
|
| Schlagworte: | |
| Tags: |
Tag hinzufügen
Keine Tags, Fügen Sie den ersten Tag hinzu!
|
MARC
| LEADER | 00000nam a2200000 a 4500 | ||
|---|---|---|---|
| 001 | UCL9951 | ||
| 003 | CL-VaPUC | ||
| 005 | 20231206102026.0 | ||
| 008 | 040903e19890000SP |||||||||||||||||spa|d | ||
| 999 | |c 310566 |d 310564 | ||
| 020 | |a 847114297X | ||
| 040 | |c Pontificia Universidad Católica de Valparaíso | ||
| 082 | 0 | 4 | |a 635 |b MAR |2 21 |
| 100 | |a Maroto Borrego, José Vicente |e autor |9 559405 | ||
| 245 | 1 | 0 | |a Elementos de horticultura general: especialmente aplicada al cultivo de plantas de consistencia herbácea |
| 260 | |a Madrid |b Mundi-Prensa |c 1989 | ||
| 300 | |a 343 p | ||
| 583 | |a last modification |c 20040903 00:00:00 |k Rodrigo Vera | ||
| 650 | 0 | |a Horticultura |9 259721 | |
| 650 | 0 | |a Plantas |9 353481 |v Efecto de la luz | |
| 650 | 0 | |a Temperatura |9 264356 |v Efecto sobre las plantas | |
| 650 | 0 | |a Suelos |v Conservación |9 886394 | |
| 650 | 0 | |a Fertilizantes |9 262833 | |
| 942 | |c BK |2 ddc | ||
| 945 | |d 20040903 00:00:00 |a cmena | ||
| 952 | |0 0 |1 0 |4 0 |6 635_000000000000000_MAR_1989 |7 0 |8 A |9 379179 |a BIBAGR |b BIBAGR |d 2019-11-21 |i 4040104 |o 635 MAR 1989 |p 4040104 |r 2025-01-20 |w 2019-11-21 |y BK |k AGR | ||